[Event "British Rapidplay Championship 2023"]
[Site "Mercure Bradford, Bankfield Hotel"]
[Date "2023.04.16"]
[Round "9.12"]
[White "Chedd, Neil"]
[Black "Donahue, Randolph E"]
[Result "0-1"]
[TimeControl "All moves in 15 minutes plus 10 second increment per move from move 1"]
[WhiteElo "1663"]
[BlackElo "1722"]

1. d4 {[%clk 00:15:10]} {[%emt 00:33:50]} Nf6 {[%clk 00:15:23]} {[%emt
00:00:55]} 2. e3 {[%clk 00:15:26]} {[%emt 00:00:02]} e6 {[%clk 00:14:58]}
{[%emt 00:00:17]} 3. Bd3 {[%clk 00:15:32]} {[%emt 00:00:01]} d5 {[%clk
00:14:12]} {[%emt 00:00:36]} 4. Nf3 {[%clk 00:15:39]} {[%emt 00:00:01]} c5
{[%clk 00:14:19]} {[%emt 00:00:01]} 5. c3 {[%clk 00:15:46]} {[%emt 00:00:01]}
Nc6 {[%clk 00:14:05]} {[%emt 00:00:07]} 6. Ne5 {[%clk 00:15:45]} {[%emt
00:00:03]} Nxe5 {[%clk 00:13:56]} {[%emt 00:00:19]} 7. dxe5 {[%clk 00:15:52]}
{[%emt 00:00:03]} Nd7 {[%clk 00:14:02]} {[%emt 00:00:04]} 8. f4 {[%clk
00:15:59]} {[%emt 00:00:03]} Qh4+ {[%clk 00:11:21]} {[%emt 00:02:51]} 9. g3
{[%clk 00:15:41]} {[%emt 00:00:28]} Qh3 {[%clk 00:11:30]} 10. Qf3 {[%clk
00:14:37]} {[%emt 00:01:14]} c4 {[%clk 00:10:39]} {[%emt 00:01:01]} 11. Bf1
{[%clk 00:14:36]} {[%emt 00:00:11]} Qf5 {[%clk 00:10:44]} {[%emt 00:00:05]} 12.
g4 {[%clk 00:12:43]} {[%emt 00:02:02]} Nxe5 {[%clk 00:10:08]} {[%emt 00:00:48]}
13. Qg3 {[%clk 00:08:08]} {[%emt 00:04:43]} Nxg4 {[%clk 00:09:02]} {[%emt
00:01:17]} 14. Bh3 {[%clk 00:07:48]} {[%emt 00:00:29]} h5 {[%clk 00:09:11]}
{[%emt 00:00:02]} 15. Rg1 {[%clk 00:07:19]} {[%emt 00:00:39]} Qc2 {[%clk
00:08:13]} {[%emt 00:01:07]} 16. Nd2 {[%clk 00:06:47]} {[%emt 00:00:43]} f5
{[%clk 00:05:19]} {[%emt 00:03:05]} 17. Nf3 {[%clk 00:05:54]} {[%emt 00:01:02]}
Bd7 {[%clk 00:04:33]} {[%emt 00:00:56]} 18. Rg2 {[%clk 00:05:15]} {[%emt
00:00:49]} Qa4 {[%clk 00:02:54]} {[%emt 00:01:49]} 19. Bxg4 {[%clk 00:05:09]}
{[%emt 00:00:16]} hxg4 {[%clk 00:02:54]} {[%emt 00:00:10]} 20. Ne5 {[%clk
00:05:16]} {[%emt 00:00:03]} Rh3 {[%clk 00:02:41]} {[%emt 00:00:22]} 21. Qf2
{[%clk 00:05:14]} {[%emt 00:00:13]} O-O-O {[%clk 00:02:26]} {[%emt 00:00:25]}
22. Rg3 {[%clk 00:02:55]} {[%emt 00:02:29]} Rxg3 {[%clk 00:02:01]} {[%emt
00:00:35]} 23. hxg3 {[%clk 00:03:02]} {[%emt 00:00:03]} Be7 {[%clk 00:02:06]}
{[%emt 00:00:05]} 24. Kf1 {[%clk 00:02:51]} {[%emt 00:00:21]} Rh8 {[%clk
00:02:01]} {[%emt 00:00:15]} 25. Ng6 {[%clk 00:02:13]} {[%emt 00:00:48]} Rh1+
{[%clk 00:00:51]} {[%emt 00:01:19]} 26. Kg2 {[%clk 00:01:55]} {[%emt 00:00:29]}
Qd1 {[%clk 00:00:57]} {[%emt 00:00:05]} 27. Nxe7+ {[%clk 00:01:46]} {[%emt
00:00:19]} Kd8 {[%clk 00:01:06]} 28. Ng6 {[%clk 00:01:48]} {[%emt 00:00:07]}
Rh3 {[%clk 00:00:59]} {[%emt 00:00:16]} 29. Bd2 {[%clk 00:00:38]} {[%emt
00:01:21]} Qxa1 {[%clk 00:01:07]} {[%emt 00:00:02]} 30. Be1 {[%clk 00:00:35]}
{[%emt 00:00:13]} Ba4 {[%clk 00:00:58]} {[%emt 00:00:17]} 31. a3 {[%clk
00:00:35]} {[%emt 00:00:12]} Bd1 {[%clk 00:01:05]} {[%emt 00:00:03]} 32. Ne5
{[%clk 00:00:42]} {[%emt 00:00:03]} Qb1 {[%clk 00:01:07]} {[%emt 00:00:07]} 33.
a4 {[%clk 00:00:15]} {[%emt 00:00:38]} Qe4+ {[%clk 00:01:15]} {[%emt 00:00:02]}
34. Nf3 {[%clk 00:00:16]} {[%emt 00:00:10]} Bxf3+ {[%clk 00:01:21]} {[%emt
00:00:03]} 35. Kf1 {[%clk 00:00:17]} {[%emt 00:00:08]} Rh1+ {[%clk 00:01:30]}
{[%emt 00:00:02]} 36. Qg1 {[%clk 00:00:25]} {[%emt 00:00:03]} Qd3+ {[%clk
00:01:27]} {[%emt 00:00:13]} 37. Kf2 {[%clk 00:00:31]} {[%emt 00:00:03]} Qe2#
{[%clk 00:01:21]} {[%emt 00:00:03]} 0-1

[Event "British Rapidplay Championship 2023"]
[Site "Mercure Bradford, Bankfield Hotel"]
[Date "2023.04.16"]
[Round "9.13"]
[White "Coles, Steven F"]
[Black "Harker, Peter"]
[Result "1/2-1/2"]
[TimeControl "All moves in 15 minutes plus 10 second increment per move from move 1"]
[WhiteElo "2108"]
[BlackElo "1481"]

1. d4 {[%clk 00:15:19]} {[%emt 00:31:20]} d5 {[%clk 00:15:19]} {[%emt
00:00:15]} 2. Bg5 {[%clk 00:15:26]} {[%emt 00:00:02]} h6 {[%clk 00:15:10]}
{[%emt 00:00:57]} 3. Bh4 {[%clk 00:15:32]} {[%emt 00:00:13]} g5 {[%clk
00:14:49]} {[%emt 00:00:18]} 4. Bg3 {[%clk 00:15:40]} Bg7 {[%clk 00:14:55]}
{[%emt 00:00:01]} 5. h4 {[%clk 00:15:23]} {[%emt 00:00:14]} Bf5 {[%clk
00:13:57]} {[%emt 00:00:40]} 6. c3 {[%clk 00:15:01]} {[%emt 00:00:12]} c6
{[%clk 00:13:29]} {[%emt 00:00:38]} 7. e3 {[%clk 00:14:18]} {[%emt 00:00:54]}
Qb6 {[%clk 00:13:30]} {[%emt 00:00:08]} 8. Qb3 {[%clk 00:14:24]} {[%emt
00:00:03]} Nd7 {[%clk 00:13:32]} {[%emt 00:00:09]} 9. Nd2 {[%clk 00:14:25]}
{[%emt 00:00:08]} Ngf6 {[%clk 00:13:09]} {[%emt 00:00:33]} 10. hxg5 {[%clk
00:13:49]} {[%emt 00:00:47]} hxg5 {[%clk 00:13:17]} {[%emt 00:00:01]} 11. Rxh8+
{[%clk 00:13:57]} {[%emt 00:00:03]} Bxh8 {[%clk 00:13:26]} {[%emt 00:00:01]} 12.
Ngf3 {[%clk 00:13:55]} {[%emt 00:00:12]} g4 {[%clk 00:12:49]} {[%emt 00:00:47]}
13. Ne5 {[%clk 00:13:47]} {[%emt 00:00:18]} Nxe5 {[%clk 00:11:56]} {[%emt
00:01:03]} 14. Bxe5 {[%clk 00:13:47]} {[%emt 00:00:10]} O-O-O {[%clk 00:12:00]}
{[%emt 00:00:07]} 15. Qa3 {[%clk 00:12:10]} {[%emt 00:01:46]} e6 {[%clk
00:10:43]} {[%emt 00:01:27]} 16. O-O-O {[%clk 00:11:27]} {[%emt 00:00:53]} Ne4
{[%clk 00:10:15]} {[%emt 00:00:38]} 17. Nxe4 {[%clk 00:10:29]} {[%emt
00:01:08]} Bxe4 {[%clk 00:08:55]} {[%emt 00:01:30]} 18. Bg3 {[%clk 00:09:33]}
{[%emt 00:01:05]} Bg7 {[%clk 00:08:27]} {[%emt 00:00:38]} 19. Be2 {[%clk
00:08:55]} {[%emt 00:00:48]} Bf8 {[%clk 00:08:05]} {[%emt 00:00:33]} 20. Qb3
{[%clk 00:08:11]} {[%emt 00:00:54]} Qxb3 {[%clk 00:08:10]} {[%emt 00:00:05]} 21.
axb3 {[%clk 00:08:20]} {[%emt 00:00:01]} Bf5 {[%clk 00:07:16]} {[%emt
00:01:04]} 22. Rh1 {[%clk 00:08:02]} {[%emt 00:00:27]} Bg7 {[%clk 00:07:10]}
{[%emt 00:00:17]} 23. Kd2 {[%clk 00:07:32]} {[%emt 00:00:40]} Rh8 {[%clk
00:06:58]} {[%emt 00:00:22]} 24. Rxh8+ {[%clk 00:07:39]} {[%emt 00:00:03]} Bxh8
{[%clk 00:07:06]} {[%emt 00:00:02]} 25. Bd3 {[%clk 00:07:21]} {[%emt 00:00:28]}
Bxd3 {[%clk 00:07:05]} {[%emt 00:00:11]} 26. Kxd3 {[%clk 00:07:30]} f5 {[%clk
00:07:08]} {[%emt 00:00:07]} 27. f3 {[%clk 00:07:22]} {[%emt 00:00:18]} gxf3
{[%clk 00:07:15]} {[%emt 00:00:03]} 28. gxf3 {[%clk 00:07:31]} {[%emt
00:00:01]} Kd7 {[%clk 00:07:01]} {[%emt 00:00:24]} 29. c4 {[%clk 00:07:13]}
{[%emt 00:00:27]} Bf6 {[%clk 00:06:55]} {[%emt 00:00:16]} 30. e4 {[%clk
00:06:19]} {[%emt 00:01:04]} fxe4+ {[%clk 00:06:17]} {[%emt 00:00:48]} 31. fxe4
{[%clk 00:06:27]} {[%emt 00:00:03]} Bg5 {[%clk 00:06:15]} {[%emt 00:00:12]} 32.
e5 {[%clk 00:04:59]} {[%emt 00:01:38]} Kc7 {[%clk 00:05:59]} {[%emt 00:00:26]}
33. Be1 {[%clk 00:04:58]} {[%emt 00:00:11]} Be7 {[%clk 00:05:42]} {[%emt
00:00:26]} 34. Bd2 {[%clk 00:04:17]} {[%emt 00:00:51]} Kb6 {[%clk 00:05:08]}
{[%emt 00:00:44]} 35. c5+ {[%clk 00:04:09]} {[%emt 00:00:19]} Kc7 {[%clk
00:05:11]} {[%emt 00:00:07]} 36. b4 {[%clk 00:03:58]} {[%emt 00:00:21]} 1/2-1/2

[Event "British Rapidplay Championship 2023"]
[Site "Mercure Bradford, Bankfield Hotel"]
[Date "2023.04.16"]
[Round "9.15"]
[White "Monterde, Angel"]
[Black "Holi, Siefaldin A"]
[Result "1-0"]
[TimeControl "All moves in 15 minutes plus 10 second increment per move from move 1"]
[WhiteElo "1646"]
[BlackElo "1644"]

1. f4 {[%clk 00:15:18]} {[%emt 00:00:01]} d5 {[%clk 00:15:05]} {[%emt
00:00:56]} 2. Nf3 {[%clk 00:15:26]} {[%emt 00:00:14]} Nc6 {[%clk 00:15:10]}
{[%emt 00:00:03]} 3. e3 {[%clk 00:15:33]} {[%emt 00:00:13]} a6 {[%clk
00:15:18]} {[%emt 00:00:02]} 4. b3 {[%clk 00:15:39]} {[%emt 00:00:12]} Nf6
{[%clk 00:15:23]} {[%emt 00:00:02]} 5. Bb2 {[%clk 00:15:48]} e6 {[%clk
00:15:18]} {[%emt 00:00:10]} 6. Be2 {[%clk 00:15:41]} {[%emt 00:00:07]} h6
{[%clk 00:15:23]} {[%emt 00:00:03]} 7. O-O {[%clk 00:15:25]} {[%emt 00:00:16]}
Be7 {[%clk 00:15:18]} {[%emt 00:00:10]} 8. d3 {[%clk 00:15:24]} {[%emt
00:00:06]} b6 {[%clk 00:15:07]} {[%emt 00:00:11]} 9. Ne5 {[%clk 00:14:33]}
{[%emt 00:00:33]} Bb7 {[%clk 00:15:05]} {[%emt 00:00:12]} 10. Nd2 {[%clk
00:14:10]} {[%emt 00:00:34]} Nxe5 {[%clk 00:13:31]} {[%emt 00:01:44]} 11. fxe5
{[%clk 00:14:07]} {[%emt 00:00:13]} Nh7 {[%clk 00:13:30]} {[%emt 00:00:10]} 12.
Bh5 {[%clk 00:12:14]} {[%emt 00:02:04]} g6 {[%clk 00:13:12]} {[%emt 00:00:28]}
13. Bf3 {[%clk 00:09:52]} {[%emt 00:02:32]} Bg5 {[%clk 00:13:01]} {[%emt
00:00:21]} 14. Qe1 {[%clk 00:09:49]} {[%emt 00:00:14]} Qd7 {[%clk 00:13:01]}
{[%emt 00:00:09]} 15. c4 {[%clk 00:08:46]} {[%emt 00:01:12]} c6 {[%clk
00:12:43]} {[%emt 00:00:29]} 16. d4 {[%clk 00:08:27]} {[%emt 00:00:29]} O-O
{[%clk 00:12:18]} {[%emt 00:00:35]} 17. Ba3 {[%clk 00:07:59]} {[%emt 00:00:38]}
Rfc8 {[%clk 00:11:31]} {[%emt 00:00:57]} 18. Bd6 {[%clk 00:07:26]} {[%emt
00:00:43]} Be7 {[%clk 00:11:04]} {[%emt 00:00:37]} 19. c5 {[%clk 00:07:34]}
{[%emt 00:00:03]} b5 {[%clk 00:10:39]} {[%emt 00:00:34]} 20. b4 {[%clk
00:07:12]} {[%emt 00:00:32]} a5 {[%clk 00:10:32]} {[%emt 00:00:17]} 21. a3
{[%clk 00:07:16]} {[%emt 00:00:06]} a4 {[%clk 00:09:50]} {[%emt 00:00:52]} 22.
Qf2 {[%clk 00:06:43]} {[%emt 00:00:43]} f5 {[%clk 00:09:52]} {[%emt 00:00:09]}
23. Qg3 {[%clk 00:05:03]} {[%emt 00:01:50]} Kg7 {[%clk 00:09:23]} {[%emt
00:00:38]} 24. Be2 {[%clk 00:04:58]} {[%emt 00:00:15]} Rf8 {[%clk 00:09:16]}
{[%emt 00:00:16]} 25. Bd3 {[%clk 00:05:06]} {[%emt 00:00:03]} Ng5 {[%clk
00:09:16]} {[%emt 00:00:10]} 26. Rf4 {[%clk 00:04:30]} {[%emt 00:00:45]} Nh7
{[%clk 00:08:48]} {[%emt 00:00:37]} 27. Raf1 {[%clk 00:04:36]} {[%emt
00:00:07]} g5 {[%clk 00:08:50]} {[%emt 00:00:07]} 28. h4 {[%clk 00:03:59]}
{[%emt 00:00:47]} g4 {[%clk 00:08:22]} {[%emt 00:00:37]} 29. Qe1 {[%clk
00:02:08]} {[%emt 00:02:02]} Qd8 {[%clk 00:08:22]} {[%emt 00:00:09]} 30. g3
{[%clk 00:02:17]} {[%emt 00:00:02]} Rf7 {[%clk 00:08:14]} {[%emt 00:00:18]} 31.
Nb1 {[%clk 00:02:24]} {[%emt 00:00:03]} Nf8 {[%clk 00:07:38]} {[%emt 00:00:45]}
32. R4f2 {[%clk 00:01:53]} {[%emt 00:00:42]} h5 {[%clk 00:07:04]} {[%emt
00:00:45]} 33. Nc3 {[%clk 00:01:56]} {[%emt 00:00:07]} Ng6 {[%clk 00:07:06]}
{[%emt 00:00:07]} 34. Rh2 {[%clk 00:02:04]} {[%emt 00:00:01]} Kh6 {[%clk
00:06:45]} {[%emt 00:00:32]} 35. Ne2 {[%clk 00:02:02]} {[%emt 00:00:12]} Qd7
{[%clk 00:06:19]} {[%emt 00:00:37]} 36. Qf2 {[%clk 00:02:09]} {[%emt 00:00:03]}
Kh7 {[%clk 00:06:19]} {[%emt 00:00:09]} 37. e4 {[%emt 00:00:45]} Raf8 {[%clk
00:06:04]} 38. exf5 {[%clk 00:02:01]} {[%emt 00:00:08]} exf5 {[%clk 00:05:55]}
{[%emt 00:00:19]} 39. Nf4 {[%clk 00:02:07]} {[%emt 00:00:04]} Nxf4 {[%clk
00:06:03]} {[%emt 00:00:02]} 40. Qxf4 {[%clk 00:02:16]} {[%emt 00:00:02]} Qe6
{[%clk 00:05:56]} {[%emt 00:00:16]} 41. Re2 {[%clk 00:02:14]} {[%emt 00:00:11]}
Bc8 {[%clk 00:05:02]} {[%emt 00:01:04]} 42. Ref2 {[%clk 00:01:59]} {[%emt
00:00:26]} Qh6 {[%clk 00:04:43]} {[%emt 00:00:29]} 43. Qxh6+ {[%clk 00:01:55]}
{[%emt 00:00:15]} Kxh6 {[%clk 00:04:51]} 44. Bxe7 {[%clk 00:02:04]} {[%emt
00:00:01]} Rxe7 {[%clk 00:04:59]} {[%emt 00:00:03]} 45. Bxf5 {[%clk 00:02:10]}
{[%emt 00:00:03]} Bxf5 {[%clk 00:04:47]} {[%emt 00:00:21]} 46. Rxf5 {[%clk
00:02:19]} {[%emt 00:00:02]} Rxf5 {[%clk 00:04:36]} {[%emt 00:00:21]} 47. Rxf5
{[%clk 00:02:27]} {[%emt 00:00:02]} Re6 {[%clk 00:04:45]} {[%emt 00:00:01]} 48.
Kf2 {[%clk 00:02:21]} {[%emt 00:00:16]} Kg6 {[%clk 00:04:07]} {[%emt 00:00:49]}
49. Rg5+ {[%clk 00:02:23]} {[%emt 00:00:08]} Kh6 {[%clk 00:04:04]} {[%emt
00:00:13]} 50. Ke3 {[%clk 00:02:31]} {[%emt 00:00:01]} Re7 {[%clk 00:04:03]}
{[%emt 00:00:05]} 51. Kf4 {[%clk 00:02:37]} {[%emt 00:00:10]} Rf7+ {[%clk
00:04:11]} {[%emt 00:00:02]} 52. Rf5 {[%clk 00:02:46]} {[%emt 00:00:02]} Rg7
{[%clk 00:03:36]} {[%emt 00:00:45]} 53. Rf6+ {[%clk 00:02:51]} {[%emt
00:00:05]} Rg6 {[%clk 00:03:40]} {[%emt 00:00:05]} 54. Kf5 {[%clk 00:02:57]}
{[%emt 00:00:04]} Rxf6+ {[%clk 00:02:33]} {[%emt 00:01:18]} 55. Kxf6 {[%clk
00:03:05]} {[%emt 00:00:06]} 1-0

[Event "British Rapidplay Championship 2023"]
[Site "Mercure Bradford, Bankfield Hotel"]
[Date "2023.04.16"]
[Round "9.16"]
[White "Redmond, Nigel"]
[Black "Mokhber-Garcia, Sebastian"]
[Result "0-1"]
[TimeControl "All moves in 15 minutes plus 10 second increment per move from move 1"]
[WhiteElo "1656"]
[BlackElo "1592"]

1. e4 {[%clk 00:15:16]} {[%emt 00:00:03]} e5 {[%clk 00:15:19]} {[%emt
00:00:13]} 2. Nf3 {[%clk 00:15:11]} {[%emt 00:00:44]} Nf6 {[%clk 00:15:26]}
{[%emt 00:00:15]} 3. d3 {[%clk 00:15:15]} {[%emt 00:00:14]} Bc5 {[%clk
00:15:34]} {[%emt 00:00:02]} 4. h3 {[%clk 00:15:17]} {[%emt 00:00:13]} Nc6
{[%clk 00:15:42]} {[%emt 00:00:01]} 5. c3 {[%clk 00:15:23]} d5 {[%clk
00:15:51]} {[%emt 00:00:04]} 6. Nbd2 {[%clk 00:15:24]} {[%emt 00:00:06]} h6
{[%clk 00:15:55]} {[%emt 00:00:03]} 7. Qc2 {[%clk 00:15:23]} {[%emt 00:00:04]}
Be6 {[%clk 00:15:59]} {[%emt 00:00:03]} 8. Be2 {[%clk 00:15:19]} {[%emt
00:00:06]} Bb6 {[%clk 00:16:01]} {[%emt 00:00:07]} 9. Nf1 {[%clk 00:14:48]}
{[%emt 00:00:26]} Qd7 {[%clk 00:15:53]} {[%emt 00:00:08]} 10. Be3 {[%clk
00:14:19]} {[%emt 00:00:15]} d4 {[%clk 00:15:53]} {[%emt 00:00:11]} 11. Bd2
{[%clk 00:14:09]} {[%emt 00:00:19]} Nh7 {[%clk 00:15:47]} {[%emt 00:00:16]} 12.
c4 {[%clk 00:13:14]} {[%emt 00:01:05]} Bc5 {[%clk 00:15:42]} {[%emt 00:00:16]}
13. a3 {[%clk 00:12:57]} {[%emt 00:00:27]} a5 {[%clk 00:15:50]} {[%emt
00:00:01]} 14. Ng3 {[%clk 00:12:43]} {[%emt 00:00:24]} O-O {[%clk 00:15:41]}
{[%emt 00:00:19]} 15. Qc1 {[%clk 00:12:10]} {[%emt 00:00:43]} f5 {[%clk
00:15:29]} {[%emt 00:00:22]} 16. Bxh6 {[%clk 00:10:55]} {[%emt 00:01:24]} f4
{[%clk 00:15:25]} {[%emt 00:00:16]} 17. Bxg7 {[%clk 00:10:23]} {[%emt
00:00:41]} Qxg7 {[%clk 00:15:26]} {[%emt 00:00:09]} 18. Nf1 {[%clk 00:09:43]}
{[%emt 00:00:38]} Kh8 {[%clk 00:15:34]} {[%emt 00:00:14]} 19. Rg1 {[%clk
00:09:14]} {[%emt 00:00:39]} Ng5 {[%clk 00:15:31]} {[%emt 00:00:13]} 20. N1h2
{[%clk 00:07:55]} {[%emt 00:01:29]} a4 {[%clk 00:14:57]} {[%emt 00:00:45]} 21.
Qd2 {[%clk 00:06:25]} {[%emt 00:01:38]} Na5 {[%clk 00:15:00]} {[%emt 00:00:09]}
22. Bd1 {[%clk 00:06:29]} {[%emt 00:00:05]} Bd7 {[%clk 00:14:59]} {[%emt
00:00:12]} 23. Bc2 {[%clk 00:06:34]} {[%emt 00:00:05]} Bd6 {[%clk 00:14:27]}
{[%emt 00:00:41]} 24. Qe2 {[%clk 00:05:26]} {[%emt 00:01:17]} b5 {[%clk
00:13:43]} {[%emt 00:00:55]} 25. h4 {[%clk 00:03:56]} {[%emt 00:01:39]} Nh7
{[%clk 00:13:25]} {[%emt 00:00:29]} 26. cxb5 {[%clk 00:03:27]} {[%emt
00:00:39]} Bxb5 {[%clk 00:13:24]} {[%emt 00:00:10]} 27. g4 {[%clk 00:03:30]}
{[%emt 00:00:07]} c5 {[%clk 00:13:12]} {[%emt 00:00:21]} 28. g5 {[%clk
00:02:44]} {[%emt 00:00:56]} c4 {[%clk 00:13:14]} {[%emt 00:00:10]} 29. Ng4
{[%clk 00:02:24]} {[%emt 00:00:29]} cxd3 {[%clk 00:13:06]} {[%emt 00:00:18]} 30.
Bxd3 {[%clk 00:02:30]} {[%emt 00:00:04]} Bxd3 {[%clk 00:13:12]} {[%emt
00:00:04]} 31. Qxd3 {[%clk 00:02:37]} {[%emt 00:00:03]} Rab8 {[%clk 00:13:13]}
{[%emt 00:00:09]} 32. Rb1 {[%clk 00:02:22]} {[%emt 00:00:25]} Rb3 {[%clk
00:13:03]} {[%emt 00:00:21]} 33. Qa6 {[%clk 00:01:36]} {[%emt 00:00:56]} Rxf3
{[%clk 00:12:07]} {[%emt 00:01:05]} 34. Qxd6 {[%clk 00:01:35]} {[%emt
00:00:11]} Nc4 {[%clk 00:11:59]} {[%emt 00:00:19]} 35. Qd5 {[%clk 00:01:12]}
{[%emt 00:00:33]} Qf7 {[%clk 00:11:44]} {[%emt 00:00:24]} 36. Qc6 {[%clk
00:01:06]} {[%emt 00:00:16]} d3 {[%clk 00:10:52]} {[%emt 00:01:02]} 37. g6
{[%clk 00:01:08]} {[%emt 00:00:08]} d2+ {[%clk 00:10:39]} {[%emt 00:00:24]} 38.
Ke2 {[%clk 00:00:54]} {[%emt 00:00:23]} Na5 {[%clk 00:08:05]} {[%emt 00:02:45]}
39. Qd6 {[%clk 00:00:40]} {[%emt 00:00:23]} Qb3 {[%clk 00:06:15]} {[%emt
00:02:00]} 40. g7+ {[%clk 00:00:19]} {[%emt 00:00:32]} Kxg7 {[%clk 00:06:01]}
{[%emt 00:00:23]} 41. Nh6+ {[%clk 00:00:00]} {[%emt 00:00:21]} 0-1

[Event "British Rapidplay Championship 2023"]
[Site "Mercure Bradford, Bankfield Hotel"]
[Date "2023.04.16"]
[Round "9.17"]
[White "Ezzo, Talal"]
[Black "Sasikumar, Srivathsan"]
[Result "0-1"]
[TimeControl "All moves in 15 minutes plus 10 second increment per move from move 1"]
[WhiteElo "1637"]
[BlackElo "1628"]

1. d4 {[%clk 00:15:19]} {[%emt 00:00:01]} Nf6 {[%clk 00:15:17]} {[%emt
00:00:14]} 2. Nc3 {[%clk 00:15:27]} {[%emt 00:00:02]} d5 {[%clk 00:15:26]}
{[%emt 00:00:14]} 3. Bf4 {[%clk 00:15:35]} {[%emt 00:00:01]} c6 {[%clk
00:15:35]} {[%emt 00:00:15]} 4. e3 {[%clk 00:15:42]} {[%emt 00:00:02]} Bf5
{[%clk 00:15:42]} {[%emt 00:00:09]} 5. f3 {[%clk 00:15:50]} {[%emt 00:00:01]}
e6 {[%clk 00:15:48]} {[%emt 00:00:15]} 6. g4 {[%clk 00:15:58]} Bg6 {[%clk
00:15:54]} {[%emt 00:00:13]} 7. h4 {[%clk 00:16:06]} h6 {[%clk 00:16:02]}
{[%emt 00:00:01]} 8. Bd3 {[%clk 00:16:13]} {[%emt 00:00:12]} Bxd3 {[%clk
00:16:08]} {[%emt 00:00:02]} 9. Qxd3 {[%clk 00:16:21]} Bd6 {[%clk 00:16:12]}
{[%emt 00:00:07]} 10. Nge2 {[%clk 00:16:29]} Qc7 {[%clk 00:16:06]} {[%emt
00:00:07]} 11. O-O-O {[%clk 00:16:07]} {[%emt 00:00:16]} Nbd7 {[%clk 00:16:08]}
{[%emt 00:00:08]} 12. Bxd6 {[%clk 00:14:18]} {[%emt 00:01:12]} Qxd6 {[%clk
00:16:08]} {[%emt 00:00:10]} 13. Rde1 {[%clk 00:14:09]} {[%emt 00:00:18]} O-O-O
{[%clk 00:16:09]} {[%emt 00:00:10]} 14. Na4 {[%clk 00:12:38]} {[%emt 00:01:41]}
e5 {[%clk 00:15:32]} {[%emt 00:00:47]} 15. dxe5 {[%clk 00:11:45]} {[%emt
00:01:03]} Nxe5 {[%clk 00:15:28]} {[%emt 00:00:14]} 16. Qf5+ {[%clk 00:11:26]}
{[%emt 00:00:29]} Kb8 {[%clk 00:15:21]} {[%emt 00:00:15]} 17. Kb1 {[%clk
00:10:40]} {[%emt 00:00:58]} g6 {[%clk 00:15:13]} {[%emt 00:00:18]} 18. Qf4
{[%clk 00:10:34]} {[%emt 00:00:16]} g5 {[%clk 00:13:18]} {[%emt 00:02:05]} 19.
Qg3 {[%clk 00:09:38]} {[%emt 00:01:06]} gxh4 {[%clk 00:11:45]} {[%emt
00:01:43]} 20. Rxh4 {[%clk 00:09:34]} {[%emt 00:00:14]} Nc4 {[%clk 00:08:24]}
{[%emt 00:03:29]} 21. Qxd6+ {[%clk 00:09:24]} {[%emt 00:00:21]} Rxd6 {[%clk
00:08:31]} {[%emt 00:00:03]} 22. Nd4 {[%clk 00:09:19]} {[%emt 00:00:16]} Nd7
{[%clk 00:06:52]} {[%emt 00:01:49]} 23. Nf5 {[%clk 00:09:08]} {[%emt 00:00:21]}
Re6 {[%clk 00:06:27]} {[%emt 00:00:33]} 24. Kc1 {[%clk 00:06:28]} {[%emt
00:02:52]} c5 {[%clk 00:05:24]} {[%emt 00:01:13]} 25. b3 {[%clk 00:06:10]}
{[%emt 00:00:27]} Nce5 {[%clk 00:05:10]} {[%emt 00:00:24]} 26. Rh3 {[%clk
00:05:34]} {[%emt 00:00:47]} d4 {[%clk 00:04:37]} {[%emt 00:00:43]} 27. exd4
{[%clk 00:04:51]} {[%emt 00:00:53]} Nd3+ {[%clk 00:04:21]} {[%emt 00:00:25]} 28.
cxd3 {[%clk 00:04:47]} {[%emt 00:00:15]} Rxe1+ {[%clk 00:04:23]} {[%emt
00:00:08]} 29. Kd2 {[%clk 00:04:23]} {[%emt 00:00:33]} Ra1 {[%clk 00:04:28]}
{[%emt 00:00:04]} 30. Nc3 {[%clk 00:04:31]} {[%emt 00:00:04]} cxd4 {[%clk
00:03:13]} {[%emt 00:01:25]} 31. Nxd4 {[%clk 00:04:36]} {[%emt 00:00:05]} Ne5
{[%clk 00:03:09]} {[%emt 00:00:13]} 32. a4 {[%clk 00:02:49]} {[%emt 00:01:58]}
Rd8 {[%clk 00:02:38]} {[%emt 00:00:40]} 33. Nce2 {[%clk 00:02:56]} {[%emt
00:00:04]} Ra2+ {[%clk 00:02:39]} {[%emt 00:00:09]} 34. Kc3 {[%clk 00:02:37]}
{[%emt 00:00:30]} Rc8+ {[%clk 00:02:24]} {[%emt 00:00:24]} 35. Kb4 {[%clk
00:02:37]} {[%emt 00:00:10]} Nxd3+ {[%clk 00:02:31]} {[%emt 00:00:03]} 36. Ka5
{[%clk 00:02:40]} {[%emt 00:00:07]} Rc5+ {[%clk 00:00:00]} {[%emt 00:00:54]}
0-1